00573 2200217 4500001002100000005001500021035002000036007000300056008004100059020002200100082001100122084001700133100001500150245004400165260003100209300003700240700001400277700001900291700002700310700001800337INLIS00000000000032920260115025055 a0010-0126000022ta260115 0 ind  a978-623-180-659-8 a657.45 a657.45 HAR p0 aHarti, dwi1 aPengelolaan Keuangan Sederhana Kelas XI aJakarta :bErlangga,c2023 aviii + 254 hlm. ;c17,5 x 25 cm.0 aKusmayadi0 aBudianto, aris0 aAbdillah, zuhdan kamal0 aSumarsih, sri